| 000 | 00901nam a2200229Ia 4500 | ||
|---|---|---|---|
| 999 |
_c39917 _d39917 |
||
| 003 | GCL | ||
| 005 | 20240530103505.0 | ||
| 008 | 140319s1966 ua 000 0 ara d | ||
| 040 |
_aGCL / _cGCL |
||
| 082 | 0 | 4 |
_a928.9171/ _bج أ |
| 100 | 1 | _aجوركى،م | |
| 245 | 1 | 0 |
_aا. ب. تشيكوف / _cتاليف م. جوركى، أ. تشيكوفا، ك. تشكوفسكى ؛ ترجمة احمد القصير ؛ راجعة على ادهم |
| 260 |
_aالقاهرة : _bمؤسسة سجل العرب ، _c1966 |
||
| 300 |
_a206 ص ؛ _c24 سم |
||
| 490 |
_aالالف كتاب _v636 |
||
| 650 | 0 | 7 |
_2qrmak _aالادباء الروسيون _vتراجم |
| 650 | 0 | 7 |
_2qrmak _aالادب الروسى _x تاريخ ونقد |
| 700 | 0 |
_aاحمد القصير _eمترجم |
|
| 700 | 1 |
_aتشيكوفا، أ _eمولف مشارك |
|
| 700 | 1 |
_aتشكوفسكى، ك _eمولف مشارك |
|
| 942 |
_2ddc _cBK |
||